Riconosci il Pokémon - Quiz n°347 - Statistics

Statistiche generali
  • Questo quiz è stato fatto 1 volte
  • Il punteggio medio è 5 su 10
Statistiche sulle risposte
Indizio Risposta % Corretto
Peso 240,0 kg
100%
Altezza 3,5 m
100%
Tipo Elettro / Drago
100%
Abilità Motore Adronico
100%
Sesso Sconosciuto
100%
Tasso di cattura 3 (1.6%)
0%
Tasso di allevamento Lento
0%
Pokémon Miraidon
0%
Generazione Nona
0%
Stadio evoluzione Non si evolve
0%
Nessun quiz corrispondente trovato
Distribuzione punteggi
Percentuale di utenti per punteggio
Percentile per numero di risposta
I tuoi punteggi nel tempo
Non hai fatto questo quiz